| 000 | 00397cam a22001097a 4500 | ||
|---|---|---|---|
| 008 | 180718b1960 xxu||||| |||| 00| 0 eng d | ||
| 082 | _aXA94x5412 B436 | ||
| 245 |
_aFamily budget enquiry in 24 towns of West Bengal including Calcutta 1955-56 _cby State Statistical Bureau, West Bengal |
||
| 260 |
_aAlipore _bGovernment Press _c1960 |
||
| 300 | _a178p. | ||
| 700 | _aWest Bengal.State Statistical Bureau | ||
| 999 |
_c425562 _d425562 |
||